Hamilton Lyrics Sort #3 - My Shot - Statistics

General Stats
  • This quiz has been taken 18 times
  • The average score is 10 of 136
Answer Stats
Hint Answer % Correct
Line 1 I am not throwin' away my shot [1]
100%
Line 2 I am not throwin' away my shot [2]
86%
Line 3 Ayo, I'm just like my country [1]
43%
Line 4 I'm young, scrappy, and hungry [1]
43%
Line 21 A colony that runs independently
29%
Line 5 And I'm not throwin' away my shot [1]
29%
Line 18 But damn, it's getting dark, so let me spell out the name
29%
Line 28 Don't be shocked when your history book mentions me
29%
Line 27 Enter me (he says in parentheses)
29%
Line 23 Essentially, they tax us relentlessly
29%
Line 30 Eventually, you'll my ascendancy
29%
Line 15 Every burden, every disadvantage I have learned to manage
29%
Line 25 He ain't never gonna set his descendants free
29%
Line 19 I am the A-L-E-X-A-N-D-E-R
29%
Line 16 I don't have a gun to brandish, I walk these streets famished (whoo)
29%
Line 9 I gotta holler just to be heard
29%
Line 11 I'm a diamond in the rough, a shiny piece of coal
29%
Line 6 I'ma get a scholarship to King's College
29%
Line 7 I probably shouldn't brag, my dang, I amaze and astonish
29%
Line 29 I will lay down my life if it sets us free
29%
Line 22 Meanwhile, Britain keeps shittin' on us endlessly
29%
Line 13 Only 19, but my mind is older
29%
Line 26 So there will be a revolution in this century
29%
Line 24 Then King George turns around, runs a spendin' spree
29%
Line 17 The plan is to fan this spark into a flame
29%
Line 8 The problem is, I got a lot of brains, but no polish
29%
Line 14 These New York City streets get colder, I shoulder
29%
Line 12 Tryna reach my goal, my power of speech, unimpeachable
29%
Line 20 We are meant to be
29%
Line 10 With every word I drop knowledge
29%
Line 67 A bunch of revolutionary manumission abolitionists
0%
Line 136 And I am not throwin' away my, not throwin' away my shot
0%
Line 124 And I am not throwin' away my shot
0%
Line 31 And I am not throwin' away my shot (my shot)
0%
Line 110 And if we win our independence?
0%
Line 47 And I got y'all knuckleheads in loco parentis
0%
Line 35 And I'm not throwin' away my shot [2]
0%
Line 40 And I'm not throwin' away my shot [3]
0%
Line 78 And I'm not throwin' away my shot [4]
0%
Line 83 And I'm not throwin' away my shot [5]
0%
Line 128 And I'm not throwin' away my shot [6]
0%
Line 113 An endless cycle of vengeance and death with no defendants?
0%
Line 118 Are we a nation of states? What's the state of our nation?
0%
Line 104 Ask anybody why we livin' fast, and we laugh, reach for a flask
0%
Line 33 Ayo, I'm just like my country [2]
0%
Line 76 Ayo, I'm just like my country [3]
0%
Line 126 Ayo, I'm just like my country [4]
0%
Line 135 Ayo, it's time to take a shot, time to take a shot (whoa, whoa)
0%
Line 61 Burr, check what we've got
0%
Line 115 But Jesus, between all the bleedin' and fightin'
0%
Line 51 Eh, but we'll never be truly free
0%
Line 121 Every action's an act of creation
0%
Line 84 Everybody sing! Whoa, whoa, whoa
0%
Line 108 Foes oppose us, we take an honest stand
0%
Line 123 For the first time, I'm thinkin' past tomorrow
0%
Line 56 Geniuses, lower your voices
0%
Line 68 Give me a position, show me where the ammunition is
0%
Line 55 Have another shot
0%
Line 85 Hey, whoa (whoo), whoa
0%
Line 38 Hey, yo, I'm just like my country [1]
0%
Line 81 Hey, yo, I'm just like my country [2]
0%
Line 36 I am not throwin' away my shot [3]
0%
Line 37 I am not throwin' away my shot [4]
0%
Line 74 I am not throwin' away my shot [5]
0%
Line 75 I am not throwin' away my shot [6]
0%
Line 79 I am not throwin' away my shot [7]
0%
Line 80 I am not throwin' away my shot [8]
0%
Line 125 I am not throwin' away my shot [9]
0%
Line 32 I am not throwin' away my shot (shot)
0%
Line 42 I dream of life without a monarchy
0%
Line 100 If I see it comin' do I run, or do I let it be?
0%
Line 60 If you talk, you're gonna get shot
0%
Line 98 I imagine death so much, it feels more like a memory
0%
Line 114 I know the action in the street is excitin'
0%
Line 50 I'm gonna take a shot
0%
Line 48 I'm joining the rebellion, 'cause I know it's my chance to socially advance
0%
Line 122 I'm laughing in the face of casualties and sorrow
0%
Line 120 I'm passionately smashin' every expectation
0%
Line 119 I'm past patiently waitin'
0%
Line 58 I'm with you, but the situation is fraught
0%
Line 34 I'm young, scrappy, and hungry [2]
0%
Line 39 I'm young, scrappy, and hungry [3]
0%
Line 77 I'm young, scrappy, and hungry [4]
0%
Line 82 I'm young, scrappy, and hungry [5]
0%
Line 127 I'm young, scrappy, and hungry [6]
0%
Line 71 I never had a group of friends before
0%
Line 49 Instead of sewing some pants (whoo)
0%
Line 72 I promise that I'll make y'all prowd
0%
Line 101 Is it like a beat without a melody?
0%
Line 111 Is that a guarantee of freedom for our descendants?
0%
Line 63 I think your pants look hot, Laurens, I like you a lot
0%
Line 41 It's time to take a shot
0%
Line 116 I've been readin' and writin'
0%
Line 73 Let's get this guy in front of a crowd
0%
Line 64 Let's hatch a plot blacker than the kettle callin' the pot
0%
Line 62 Mr. Lafayette, hard rock like Lancelot
0%
Line 69 Oh, am I talkin' too loud?
0%
Line 44 On-archy? How you say? How you - oh, anarchy!
0%
Line 112 Or will the blood we shed begin
0%
Line 66 Poppin' a squat on conventional wisdom, like it or not
0%
Line 97 Rise up
0%
Line 132 Rise up, rise up (it's time to take a shot)
0%
Line 134 Rise up, take a shot, shot, shot (whoa)
0%
Line 90 Rise up, when you're living on your knees, you rise up
0%
Line 133 Rise up, whoa (it's time to take a shot)
0%
Line 86 Said let 'em hear ya! Let's go! (Yeah)
0%
Line 106 Scratch that, this is not a movement, it's the movement
0%
Line 102 See, I never thought I'd live past 20
0%
Line 70 Sometimes I get overexcited, shoot off at the mouth
0%
Line 91 Tell your brother that he's gotta rise up
0%
Line 92 Tell your sister that she's gotta rise up
0%
Line 43 The unrest in France will lead to on-archy
0%
Line 52 Until those in bondage have the same rights as you and me (that's right)
0%
Line 54 Wait till I sally in on a stallion with the first black battalion
0%
Line 105 We have to make this moment last, that's plenty
0%
Line 117 We need to handle our financial situation
0%
Line 131 We're gonna rise up, rise up (it's time to take a shot)
0%
Line 129 We're gonna rise up, time to take a shot (I am not throwin' away my shot) [1]
0%
Line 130 We're gonna rise up, time to take a shot (I am not throwin' away my shot) [2]
0%
Line 109 We roll like Moses, claimin' our promised land
0%
Line 65 What are the odds the gods would put us all in one spot?
0%
Line 96 When are these colonies gonna rise up?
0%
Line 93 When are these colonies gonna rise up? (Whoa) [1]
0%
Line 94 When are these colonies gonna rise up? (Whoa) [2]
0%
Line 95 When are these colonies gonna rise up? (Whoa) [3]
0%
Line 45 When I fight, I make the other side panicky with my shot
0%
Line 99 When's it gonna get me? In my sleep? Seven feet ahead of me?
0%
Line 107 Where all the hungriest brothers with something to prove went?
0%
Line 103 Where I come from, some get half as many
0%
Line 89 Whoa (oh, come one), yeah (come on, let's go)
0%
Line 88 Whoa (said to the rooftops)
0%
Line 87 Whoa, whoa, whoa (I said shout it to the rooftops)
0%
Line 46 Yo, I'm a tailor's apprentice
0%
Line 53 You and I, do or die (whoo, whoo!)
0%
Line 57 You keep out of trouble and you double your choices
0%
Line 59 You've got to be carefully taught
0%
No matching quizzes found
Score Distribution
Percent of People with Each Score
Percentile by Number Answered
Your Score History
You have not taken this quiz